[Event "28th WSCC Open 65 2018"]
[Site "Bled"]
[Date "2018.11.21"]
[Round "4"]
[White "Tunik, Gennady"]
[Black "Hartung-Nielsen, Jens"]
[Result "1/2-1/2"]
[WhiteElo "2365"]
[BlackElo "2186"]
[Annotator "TA"]
[PlyCount "101"]
[EventDate "2018.11.17"]
[EventType "swiss"]
[EventCountry "SLO"]
[SourceTitle "playchess.com"]
[Source "ChessBase"]
[SourceQuality "1"]

{[%evp 20,101,43,43,43,37,45,45,53,2,12,-6,0,-13,0,0,0,0,0,0,0,0,0,0,0,0,0,0,0,0,0,0,0,0,4,4,4,0,13,5,7,0,43,43,44,19,22,16,33,22,18,20,35,25,45,33,57,45,47,30,51,26,27,27,25,15,18,8,8,8,8,10,11,4,12,14,20,5,21,0,0,0,0,0]} 1. d4 d5 2. c4 e6 3. Nf3 c5 4. cxd5 exd5 5. g3 Nc6 6. Bg2 Nf6 7. O-O Be7 8. Nc3 O-O 9. dxc5 Bxc5 10. a3 Re8 11. b4 {LiveBook: 49 Games. D34: Tarrasch Defence: 6 g3 Nf6 7 Bg2 Be7} Bf8 (11... Bb6 12. Bb2 Bg4 13. Rc1 h6 14. Na4 Qe7 15. Nxb6 axb6 16. Re1 Rad8 17. Qd3 Bxf3 18. Qxf3 Ne5 19. Qf4 Nc4 20. Bxf6 Qxf6 21. Qxf6 gxf6 22. Bxd5 Nxa3 23. Bxb7 {1-0 (46) Bacrot,E (2692)-Berelowitsch,A (2521) Germany 2016}) 12. Bb2 Bg4 13. Rc1 {White is slightly better.} Qd7 {[#]} 14. Rc2 $146 (14. Na4 $14) ({Predecessor:} 14. Na4 Ne4 15. b5 Na5 16. Ne5 Rxe5 17. Bxe5 Qxb5 18. f3 Nb3 19. Rb1 Qxa4 20. Qxb3 Qxb3 21. Rxb3 Bc5+ 22. Kh1 Nd2 23. fxg4 Nxb3 24. Bxd5 {1-0 (24) Vakhidov,T (2515)-Iuldachev,S (2559) Chennai 2004}) 14... Rad8 15. Nd4 Ne5 16. Bc1 h6 17. Ncb5 {[#] Strongly threatening Rc7.} Nc6 18. Nxc6 bxc6 19. Nd4 Rc8 $1 20. Bb2 a5 21. Qc1 axb4 22. axb4 Qd6 23. Rxc6 Rxc6 24. Qxc6 Qxb4 25. Bc3 Qb8 {[#] ...Rc8 is the strong threat.} 26. Qa6 (26. Qa4 {feels hotter.} Ne4 27. Ba5 Rc8 28. e3 Qe5 29. h3) 26... Qc8 27. Qxc8 (27. Qd3 {seems wilder.} Ne4 28. Bb2 Qc5 29. Nc2 Qb6 30. Bd4) 27... Rxc8 28. Ba1 Ba3 29. f3 Bd7 30. Kf2 Rc1 (30... Bc5 {keeps more tension.} 31. e3 Ra8 32. Rc1 Bb6 33. Bf1 Ra2+) 31. Rxc1 Bxc1 32. e3 Ba3 33. Bf1 Bc5 34. Ba6 Ne8 35. Bb7 Nc7 36. Bc3 Bb6 37. Ne2 g5 38. Be5 Be6 39. g4 Ne8 40. h3 f6 41. Bc3 Nd6 42. Ba6 Kf7 {The position is equal.} 43. Bd3 Bd7 44. Nd4 Nc4 45. Ke2 Nd6 46. Bb4 Bxd4 47. exd4 Nc4 48. Kf2 Bb5 49. Bc2 Nb2 50. Ba3 Nd3+ 51. Bxd3 {Accuracy: White = 43%, Black = 48%.} 1/2-1/2

[Event "28th WSCC Open 65 2018"]
[Site "Bled"]
[Date "2018.11.21"]
[Round "4"]
[White "Renman, Nils-Gustaf"]
[Black "Gundersen, Helge"]
[Result "1-0"]
[WhiteElo "2351"]
[BlackElo "2109"]
[Annotator "TA"]
[PlyCount "61"]
[EventDate "2018.11.17"]
[EventType "swiss"]
[EventCountry "SLO"]
[SourceTitle "playchess.com"]
[Source "ChessBase"]
[SourceQuality "1"]

{[%evp 16,61,37,45,49,39,39,9,1,1,11,0,26,10,0,-7,34,-15,-15,-14,-15,-22,-21,-18,16,16,16,15,93,83,145,154,134,154,149,98,268,281,269,247,696,694,1531,1581,29986,29987,29987,910]} 1. d4 e6 2. c4 f5 3. Nf3 Nf6 4. g3 d5 5. Bg2 c6 6. Bf4 Be7 7. Qc2 O-O 8. O-O Qe8 9. Nc3 {LiveBook: 3 Games} Ne4 {A95: Classical Dutch: Classical Stonewall: 7 Nc3 c6} (9... Qh5 10. Rab1 Ne4 11. b4 Nd7 12. b5 g5 13. Bc1 g4 14. Ne1 Nb6 15. c5 Nxc3 16. Qxc3 Nc4 17. bxc6 bxc6 {1-0 (30) Hammer,J (2630)-Haubro,S (2135) Oslo 2012}) 10. Rab1 Nd7 11. Ne5 $146 ({Predecessor:} 11. c5 Qh5 12. b4 g5 13. Bc1 g4 14. Ne1 Ng5 15. f3 {0-1 (48) Bingham,J (1816)-Morley,A (1952) Littlethorpe 2008}) 11... g5 {The position is equal.} 12. Nxd7 Bxd7 13. Be5 {[%cal Rc3e4]} Bf6 14. e3 (14. Nxe4 {with more complications.} Bxe5 15. dxe5 fxe4 16. f3 exf3 17. exf3 Qe7 18. Rbc1) 14... Bxe5 15. dxe5 Nxc3 16. bxc3 b5 17. cxb5 cxb5 18. Rfd1 Rc8 19. Bf1 f4 20. exf4 gxf4 21. Rd4 Rc5 (21... Qh5 $11) 22. Qd2 $16 ({Much worse is} 22. gxf4 $6 Kh8 $11) (22. Rxf4 $6 Rxf4 23. gxf4 Qf7 $11) 22... Qh5 ({Better is} 22... Qg6 23. Rb3 fxg3 24. hxg3 Qh5) 23. Rxf4 Qxe5 {With the idea ...Rxf4.} 24. Rxf8+ Kxf8 25. Rb4 ({White should play} 25. Qh6+ Qg7 26. Qh4) 25... Qxc3 $2 (25... h5 $16) 26. Qh6+ $18 {[%mdl 64] [#] Double Attack} Ke7 27. Rg4 Qc2 $2 (27... Rc8 28. Rg7+ {[%mdl 64] Double Attack} (28. Qxh7+ Kd6 $18) 28... Kd6 29. Rxh7 (29. Qf4+ Kc6 $16) 29... a6) 28. Rg7+ {[%mdl 64] Double Attack} Kd6 29. Qf4+ e5 30. Qf6+ Kc7 31. Qf7 {Accuracy: White = 57%, Black = 27%.} (31. Qe6 $142 Kb8 32. Qxd7 {[%mdl 64] Double Attack} Rc7 33. Qxb5+ Ka8 34. Rg8+ Rc8 35. Qxd5+ {[%mdl 64] Double Attack} Kb8 36. Qb5+ Kc7 37. Rg7+ Kd6 38. Qd7+ {[%mdl 64] Double Attack} Kc5 39. Qxc8+ Kd6 40. Qxc2 h6 41. Bh3 e4 42. Rd7+ Ke5 43. Qc3#) 1-0

[Event "28th WSCC Open 65 2018"]
[Site "Bled"]
[Date "2018.11.21"]
[Round "4"]
[White "Lisenko, Alexander V"]
[Black "Sveshnikov, Evgeny"]
[Result "0-1"]
[WhiteElo "2334"]
[BlackElo "2496"]
[Annotator "TA"]
[PlyCount "64"]
[EventDate "2018.11.17"]
[EventType "swiss"]
[EventCountry "SLO"]
[SourceTitle "playchess.com"]
[Source "ChessBase"]
[SourceQuality "1"]

{[%evp 18,64,-14,-8,9,16,7,0,0,0,19,0,18,10,29,34,25,20,21,37,44,51,51,49,52,59,52,45,50,14,27,27,39,37,37,32,88,-235,-226,-221,-208,-210,-216,-1596,-545,-29996,-29997,-29998,-29999]} 1. c4 c6 2. b3 d5 3. Bb2 Bf5 4. Nf3 e6 5. g3 Nf6 6. Bg2 Nbd7 7. O-O Be7 8. d3 h6 9. Nbd2 O-O 10. a3 Qb8 {A12: English Opening: 1...c6 with b3 by White} (10... a5 11. Qb1 Bh7 12. b4 axb4 13. axb4 Qb6 14. Bc3 Rxa1 15. Qxa1 Bxb4 16. Bxb4 Qxb4 17. Rb1 Qd6 18. Rxb7 e5 {1-0 (33) Rapport,R (2702)-Carlsen,M (2840) Wijk aan Zee 2017}) 11. cxd5 $146 ({Predecessor:} 11. b4 Rc8 12. Re1 a5 13. Qb3 b5 14. c5 e5 15. e4 Be6 16. Nxe5 Nxc5 17. Qc2 Na4 18. bxa5 Rxa5 19. Nxc6 Bc5 20. Bxf6 Rxc6 21. d4 gxf6 22. exd5 Bxd4 23. Qxc6 Bxa1 24. dxe6 Bc3 {1-0 (24) Bagri,J (2252)-Zimmermann,P (2196) Bern 2006}) 11... cxd5 12. Nd4 Bh7 {The position is equal.} 13. Rc1 a6 14. Bh3 Qd6 15. Qc2 Bd8 16. b4 Bb6 17. N2b3 Rfb8 18. Qd2 Rc8 19. Na5 Rxc1 20. Rxc1 Rb8 21. Rc2 Bg6 22. Qc1 Kh7 23. Rc8 Rxc8 24. Qxc8 Qe5 25. Nab3 Qh5 26. Kg2 Ne5 (26... Bxd4 $1 $14 27. Nxd4 e5) 27. Qxb7 $2 {[%mdl 8192]} (27. f3 $1 $16) 27... Bxd4 $1 $19 28. Nxd4 {[#] And now Bxe6! would win.} Nxd3 $1 {[%mdl 512]} 29. exd3 Bxd3 $40 {[%mdl 128] Black attacks with force.} 30. f3 $2 {[#]} (30. Bxe6 fxe6 31. Qc7) 30... Qg5 (30... Qxh3+ $142 $1 {[%mdl 512]} 31. Kf2 (31. Kxh3 Bf1+) 31... Qxh2+ 32. Ke3 Bc4) 31. Bxe6 {Threatens to win with Bf5+.} Qd2+ {[%mdl 64] Double Attack} 32. Kh3 Bf1+ {Accuracy: White = 32%, Black = 43%.} 0-1

[Event "28th WSCC Open 65 2018"]
[Site "Bled"]
[Date "2018.11.21"]
[Round "4"]
[White "Rooze, Jan"]
[Black "Lederman, Leon"]
[Result "0-1"]
[WhiteElo "2288"]
[BlackElo "2255"]
[Annotator "TA"]
[PlyCount "99"]
[EventDate "2018.11.17"]
[EventType "swiss"]
[EventCountry "SLO"]
[SourceTitle "playchess.com"]
[Source "ChessBase"]
[SourceQuality "1"]

{[%evp 15,99,30,46,47,52,74,104,64,83,83,60,5,13,0,3,-14,0,-10,0,-5,0,-24,-16,-33,-20,-21,-16,-11,-20,-6,0,-64,-53,-60,-50,-102,-70,-113,-111,-116,-115,-116,-113,-109,-106,-110,-107,-122,-111,-131,-129,-127,-126,-128,-123,-135,-107,-121,-120,-122,-93,-127,-86,-180,-180,-160,-180,-168,-166,-240,-239,-229,-207,-259,-235,-287,-136,-322,-325,-814,-814,-796,-820,-1025,-895,-1431]} 1. e4 c5 2. Nf3 d6 3. Bb5+ Bd7 4. Bxd7+ Qxd7 5. O-O Nc6 6. c3 g6 7. d4 {B52: Sicilian: Moscow Variation with 3...Bd7} cxd4 8. cxd4 Bg7 {LiveBook: 13 Games} 9. d5 {White is slightly better.} (9. Nc3 Nf6 10. d5 Ne5 11. Nxe5 dxe5 12. f3 O-O 13. Qb3 Rfc8 14. Be3 Ne8 15. Qb5 Qxb5 16. Nxb5 a6 17. Na3 Nd6 18. Rac1 f5 19. exf5 gxf5 {0-1 (46) Rublevsky,S (2688)-Kanarek,M (2482) Warsaw 2012}) 9... Na5 $146 ({Predecessor:} 9... Ne5 10. Nc3 Rc8 11. Bd2 Nxf3+ 12. Qxf3 Nf6 13. Bg5 O-O 14. h3 a6 {1-0 (40) Tortoza,C (1560)-Strohmeier,J (1872) Remote email 2014}) 10. Na3 Rc8 11. Qe2 a6 12. Rb1 {[#] Threatens to win with b4.} b5 13. Bd2 ({Better is} 13. Nc2 $14) 13... Nb7 $1 $11 14. Rfd1 Nf6 15. Bc3 O-O 16. Nc2 Nc5 17. e5 $1 {[%cal Re5f6]} dxe5 18. Bxe5 Qb7 19. Ne3 Rfd8 {[%cal Rf6d5]} 20. d6 exd6 21. Bxf6 Bxf6 22. Nd5 Nd7 23. Ne7+ (23. Qe4 $11 Qb8 24. Qd3) 23... Bxe7 $1 $15 24. Qxe7 Nc5 25. Qh4 ({White should try} 25. Qxb7 $15 Nxb7 26. h3) 25... Qe4 26. Qh6 Ne6 27. Rbc1 Qe2 28. Qd2 Qxd2 29. Nxd2 Kf8 30. Kf1 Ke7 31. Nb3 Kd7 32. Rxc8 Rxc8 $17 {[%mdl 4096] Endgame KRN-KRN} 33. Rd2 Rc4 34. g3 h5 35. h4 Nc7 36. Na5 Rc1+ 37. Ke2 d5 38. b4 Rb1 39. Nb3 (39. a3 $17) 39... Kd6 $19 40. Kd3 Ne6 41. Kc2 Re1 42. Kb2 (42. a3 {keeps fighting.}) 42... Re4 43. a3 f5 44. Na5 f4 45. Rc2 f3 (45... Nd4 $19 {has better winning chances.} 46. Rc5 fxg3 47. fxg3 Re3) 46. Rc6+ $2 (46. Kc3 $17) 46... Ke5 47. Rxa6 $2 (47. Rc2 Re2 48. Kc1) 47... Re2+ {[%mdl 64] [#] Double Attack. Black is clearly winning.} 48. Kc3 Rxf2 49. Kd3 Ra2 {Strongly threatening ...f2.} 50. Nc6+ {Accuracy: White = 34%, Black = 54%.} 0-1

[Event "28th WSCC Open 65 2018"]
[Site "Bled"]
[Date "2018.11.21"]
[Round "4"]
[White "Van Riemsdijk, Herman C."]
[Black "Baum, Bernd"]
[Result "1/2-1/2"]
[WhiteElo "2270"]
[BlackElo "2252"]
[Annotator "TA"]
[PlyCount "44"]
[EventDate "2018.11.17"]
[EventType "swiss"]
[EventCountry "SLO"]
[SourceTitle "playchess.com"]
[Source "ChessBase"]
[SourceQuality "1"]

{[%evp 21,44,18,41,12,36,35,28,31,29,0,-10,-2,0,0,0,0,55,11,24,-30,-25,-25,-4,-9,-5]} 1. e4 e6 2. d4 d5 3. Nc3 Nf6 4. Bg5 dxe4 5. Nxe4 Nbd7 6. Nf3 h6 7. Nxf6+ Nxf6 8. Bh4 c5 9. Bd3 {C10: French with 3 Nc3: Unusual Black 3rd moves and 3...dxe4} cxd4 10. O-O Bc5 11. Qe2 O-O {LiveBook: 5 Games} 12. Rad1 ({But not} 12. Bxf6 Qxf6 13. Ne5 g6 $15) 12... Bd7 $146 ({Predecessor:} 12... Qb6 13. Bxf6 gxf6 14. Ne5 fxe5 15. Qg4+ Kh8 16. Qh4 Kg7 17. Qg4+ Kh8 18. Qh4 Kg7 19. Qg4+ Kh8 20. Qh4 {½-½ (20) Gulevich,A (2304)-Galanov,S (2616) ICCF email 2011}) 13. c3 Bc6 14. Ne5 Be7 15. Nxc6 bxc6 16. cxd4 Qb6 17. Bg3 ({Reject} 17. Bxf6 Bxf6 18. Qe4 g6 $17) 17... Rfd8 18. Be5 Kf8 ({Black should try} 18... Nd7 $11) 19. Rc1 Nd7 20. Be4 (20. Bf4 $142) 20... Nxe5 $11 21. dxe5 Rac8 22. Rc2 Qa5 {Accuracy: White = 55%, Black = 59%.} 1/2-1/2

[Event "28th WSCC Open 65 2018"]
[Site "Bled"]
[Date "2018.11.21"]
[Round "4"]
[White "Cebalo, Miso"]
[Black "Birnboim, Nathan"]
[Result "1/2-1/2"]
[WhiteElo "2262"]
[BlackElo "2376"]
[Annotator "TA"]
[PlyCount "84"]
[EventDate "2018.11.17"]
[EventType "swiss"]
[EventCountry "SLO"]
[SourceTitle "playchess.com"]
[Source "ChessBase"]
[SourceQuality "1"]

{[%evp 21,84,-13,0,11,14,17,14,6,17,8,26,0,0,-9,0,-10,-14,-24,-23,-18,0,-46,-16,-26,-22,-28,0,0,0,0,0,0,9,7,2,0,0,0,9,0,-3,-12,0,0,0,0,0,0,0,0,0,-6,0,-1,0,-194,-12,-10,0,-189,0,-13,0,-162,0]} 1. Nf3 Nf6 2. c4 e6 3. g3 d5 4. Bg2 c6 5. d4 Bb4+ 6. Bd2 Be7 7. Qc2 O-O 8. O-O b6 9. Rd1 {E11: Bogo-Indian} Bb7 (9... Ba6 10. b3 Nbd7 11. Bf4 Rc8 12. Nc3 Nh5 13. Bc1 f5 14. e3 Bd6 15. a4 Nhf6 16. Ne2 c5 17. Nf4 Qe7 18. cxd5 cxd4 19. Qb2 dxe3 20. Nxe6 exf2+ 21. Qxf2 {0-1 (35) Sarana,A (2613)-Jakovenko,D (2748) Satka 2018}) 10. Bg5 Nbd7 11. Nbd2 c5 {LiveBook: 3 Games} 12. cxd5 $146 ({Predecessor (3):} 12. dxc5 bxc5 13. cxd5 exd5 14. e4 dxe4 15. Bxf6 Nxf6 16. Ng5 Qc7 17. Ngxe4 {½-½ (41) Petrosyan,M (2570)-Petrosian,T (2606) Yerevan 2018}) 12... Nxd5 13. Bxe7 Qxe7 14. Rac1 Rfc8 15. Qb3 a5 {[%cal Ba7a5,Ba5a4][%mdl 32]} 16. a3 (16. e4 $5 {[%cal Re4d5]} N5f6 17. e5 $14) 16... a4 17. Qa2 N5f6 18. Qb1 h6 19. e3 cxd4 20. exd4 Qd8 21. Ne5 (21. Rxc8 {is interesting.} Rxc8 22. Bf1 Bc6 23. Bd3 b5 24. Rc1) 21... Bxg2 22. Kxg2 Rxc1 23. Qxc1 Nxe5 24. dxe5 Nd5 25. Ne4 Rc8 26. Qd2 Rc7 27. Qe2 Qa8 28. Qf3 Qc6 29. Rd2 Qc1 (29... b5 {keeps more tension.} 30. Kh3 b4 31. axb4 Qc4 32. Nd6 Qxb4 33. Qd3 Qb6) 30. Qd1 (30. Qe2 {is more complex.} Qc6 31. Kh3 Qc4 32. Qxc4 Rxc4 33. Nd6) 30... Qxd1 31. Rxd1 $11 {[%mdl 4096] Endgame KRN-KRN} Kf8 32. Rd4 b5 33. Nd6 Rc5 34. Ne4 Rc1 35. h4 Ke7 36. Kf3 f6 37. exf6+ gxf6 {[#] Hoping for ...f5.} 38. Rd3 $2 (38. g4 $1 $11) 38... Rb1 $2 (38... f5 $19 39. Nc3 Nxc3 40. Rxc3 Rxc3+ 41. bxc3 h5) 39. Rd2 Rc1 $2 (39... Rh1 $11) 40. Rd3 $19 Rb1 $2 ({Black should play} 40... f5 $19 41. Nc3 Nxc3 42. Rxc3 Rxc3+ 43. bxc3 h5) 41. Rd2 $1 $11 Rc1 (41... Rh1 $11) 42. Rd3 $19 Rb1 $2 {Accuracy: White = 56%, Black = 37%.} (42... f5 $19 43. Nc3 Nxc3 44. Rxc3 Rxc3+ 45. bxc3 h5) 1/2-1/2

[Event "28th WSCC Open 65 2018"]
[Site "Bled"]
[Date "2018.11.21"]
[Round "4"]
[White "Boehnisch, Manfred"]
[Black "Balashov, Yuri S"]
[Result "0-1"]
[WhiteElo "2261"]
[BlackElo "2445"]
[Annotator "TA"]
[PlyCount "42"]
[EventDate "2018.11.17"]
[EventType "swiss"]
[EventCountry "SLO"]
[SourceTitle "playchess.com"]
[Source "ChessBase"]
[SourceQuality "1"]

{[%evp 12,42,5,7,0,0,12,18,18,14,13,8,9,10,28,13,28,9,5,5,15,15,15,20,12,0,0,0,0,-40,0,-45,0]} 1. e4 e5 2. Nf3 Nc6 3. Nc3 Nf6 4. Bb5 Bd6 5. d3 h6 (5... a6 6. Ba4 b5 7. Bb3 Na5 8. d4 exd4 9. Qxd4 O-O 10. Bg5 Be7 11. e5 Ne8 12. Bxe7 Qxe7 13. Nd5 {½-½ (63) Hou,Y (2658)-Ponomariov,R (2686) Shenzhen 2018}) 6. h3 {C48: Four Knights: 4 Bb5, replies other than 4...Bb4} a6 7. Bc4 {LiveBook: 3 Games} b5 8. Bd5 $146 {The position is equal.} ({Predecessor:} 8. Bb3 Bc5 9. a4 b4 10. Nd5 Na5 11. Ba2 b3 12. cxb3 Nc6 13. Qc2 {0-1 (36) Esserman,M (2419)-Panchanathan,M (2549) Philadelphia 2010}) 8... b4 9. Bxc6 dxc6 10. Ne2 a5 11. Be3 c5 12. Ng3 Be6 13. Nd2 (13. a4 {feels hotter.} bxa3 14. bxa3 O-O 15. O-O Nd7 16. Rb1) 13... g6 (13... a4 {is interesting.} 14. O-O O-O 15. Nc4 Re8 16. Qe2 Nd7) 14. Nc4 (14. a3 {keeps more tension.} Kf8 15. O-O Kg7 16. b3 Qe7 17. Qc1) 14... Bxc4 15. dxc4 Nd7 {[%cal Bf6d7,Bd7f8,Bf8e6,Be6f4][%mdl 32]} 16. Qd2 h5 17. a4 Nf8 18. b3 Ne6 19. O-O-O Qh4 20. Qe1 Be7 21. f3 Nf4 {[%mdl 32768] Accuracy: White = 46%, Black = 44%. . Loss on time!?} 0-1

[Event "28th WSCC Open 65 2018"]
[Site "Bled"]
[Date "2018.11.21"]
[Round "4"]
[White "Barle, Janez"]
[Black "Berkovich, Mark A"]
[Result "1/2-1/2"]
[WhiteElo "2259"]
[BlackElo "2339"]
[Annotator "TA"]
[PlyCount "19"]
[EventDate "2018.11.17"]
[EventType "swiss"]
[EventCountry "SLO"]
[SourceTitle "playchess.com"]
[Source "ChessBase"]
[SourceQuality "1"]

{[%evp 10,19,33,10,38,22,32,25,31,36,43,25]} 1. e4 c5 2. Nf3 Nf6 3. e5 Nd5 4. d4 cxd4 5. Qxd4 e6 6. Bd3 Nc6 {B29: Sicilian: 2 Nf3 Nf6 (Nimzowitsch Variation)} 7. Qe4 d6 8. exd6 Bxd6 9. O-O Bd7 $146 ({Predecessor:} 9... Nf6 10. Qe2 Bd7 11. Rd1 Qc7 12. Nc3 a6 13. Bg5 Ne5 14. h3 {½-½ (59) Barle,J (2381)-Jeric,S (2333) Skofja Loka 2000}) 10. Rd1 1/2-1/2

[Event "28th WSCC Open 65 2018"]
[Site "Bled"]
[Date "2018.11.21"]
[Round "4"]
[White "Leskovar, Mario"]
[Black "Ackermann, Hans Werner"]
[Result "1/2-1/2"]
[WhiteElo "2242"]
[BlackElo "2272"]
[Annotator "TA"]
[PlyCount "115"]
[EventDate "2018.11.17"]
[EventType "swiss"]
[EventCountry "SLO"]
[SourceTitle "playchess.com"]
[Source "ChessBase"]
[SourceQuality "1"]

{[%evp 9,115,-2,0,-2,14,-3,12,-4,0,0,0,0,0,0,0,0,0,0,-4,-18,0,0,0,0,0,5,16,7,18,0,23,12,33,-9,0,-28,0,-16,-15,-23,0,0,0,0,27,0,2,0,0,0,28,25,17,20,22,0,8,0,33,13,43,3,8,0,0,0,0,0,8,8,8,8,8,8,42,0,0,0,0,0,0,0,0,0,0,0,0,0,0,0,0,0,0,0,0,0,0,0,0,0,0,0,0,0,0,0,0,0]} 1. b3 a5 2. a4 Nf6 (2... e5 3. Bb2 d6 4. e3 g6 5. d4 Bg7 6. dxe5 Nd7 7. Nc3 Nxe5 8. Qd2 Nf6 9. O-O-O O-O {0-1 (46) Jobava,B (2634)-Sulskis,S (2525) Batumi 2018}) 3. Bb2 d6 $146 ({Predecessor:} 3... e6 4. e3 d5 5. Nf3 Bd6 6. Be2 O-O 7. O-O Nbd7 8. d4 Ne4 9. Nbd2 f5 {½-½ (28) Agnello,F (2037)-Dragojlovic,A (2332) Arvier 2017}) 4. f4 Bf5 5. Nf3 e6 6. e3 {A01: Nimzowitsch-Larsen Opening} Nbd7 7. Be2 h5 8. Na3 h4 9. Nc4 d5 10. Nce5 Nxe5 11. Nxe5 c6 12. O-O Bc5 13. Nf3 Qe7 14. Bd4 Bg4 15. Bxc5 Qxc5 16. Nd4 Bxe2 17. Qxe2 Qe7 18. c4 g6 19. Rac1 Nd7 20. cxd5 exd5 21. Qg4 Nf6 22. Qh3 Qd7 (22... Rh5 {keeps more tension.} 23. Nf3 Kf8 24. Ne5 Re8 25. d3 Kg7) 23. Rf3 Rh5 24. Qxd7+ Nxd7 (24... Kxd7 {keeps more tension.} 25. Kf1 Rg8 26. Ke2 Kd6 27. Rff1 Rhh8) 25. Rh3 Ke7 26. g4 Rh7 (26... hxg3 $5 {[%cal Rh5h3]} 27. Rxh5 gxh5 $11) 27. g5 Kd6 28. Kf2 Nc5 29. Ke2 Re8 30. Rg1 Ne6 31. Nxe6 Kxe6 $11 {[%mdl 4096] Endgame KRR-KRR} 32. Rg4 Reh8 33. d3 Kd6 34. Kd2 Kc5 35. Kc3 b5 36. axb5 cxb5 37. f5 b4+ 38. Kd2 a4 39. bxa4 {Kc2 is the strong threat.} Ra8 40. Rgxh4 Rxh4 41. Rxh4 Rxa4 42. fxg6 fxg6 {KR-KR. The position is equal.} 43. Rh6 Ra2+ 44. Kc1 b3 45. Rxg6 Rxh2 46. e4 d4 47. e5 Re2 48. Re6 Kb4 49. g6 Rg2 50. Rc6 b2+ 51. Kb1 Kb3 (51... Ka3 $5 52. Ra6+ $8 Kb3 53. Rb6+ Ka3 54. Ra6+ Kb3 55. Rb6+ Ka3 56. Ra6+ $11) 52. Rb6+ Kc3 {( -> ...Rg1+)} 53. Rc6+ Kxd3 (53... Kb3 $5 54. Rb6+ $8 Ka3 55. Ra6+ Kb3 56. Rb6+ $11) 54. e6 {Threatens to win with e7.} Rxg6 {[#]} 55. e7 $1 {[%mdl 512]} Rg1+ 56. Kxb2 Re1 57. Rc7 Kd2 58. Rc2+ {Accuracy: White = 53%, Black = 60%.} 1/2-1/2

[Event "28th WSCC Open 65 2018"]
[Site "Bled"]
[Date "2018.11.21"]
[Round "4"]
[White "Yakimenko, Alexander A."]
[Black "Vogt, Lothar"]
[Result "1/2-1/2"]
[WhiteElo "2125"]
[BlackElo "2359"]
[Annotator "TA"]
[PlyCount "54"]
[EventDate "2018.11.17"]
[EventType "swiss"]
[EventCountry "SLO"]
[SourceTitle "playchess.com"]
[Source "ChessBase"]
[SourceQuality "1"]

{[%evp 14,54,21,0,0,-20,-26,-19,-23,-27,-8,-35,-24,-24,-18,-24,-22,-22,-20,-23,-6,-10,-14,-15,-10,-8,-2,-12,-5,-11,-12,-10,-9,-25,-15,-11,-11,-7,-6,-11,-11,-18,18]} 1. e4 c5 2. Nf3 e6 3. b3 d6 4. Bb5+ Bd7 5. Bxd7+ Nxd7 6. O-O Ngf6 7. Re1 Be7 {B52: Sicilian: Moscow Variation with 3...Bd7} 8. c4 {LiveBook: 6 Games} Ne5 9. Nc3 (9. Qe2 Nfd7 10. Bb2 Bf6 11. Bc3 O-O 12. Rd1 Nxf3+ 13. Qxf3 Ne5 14. Qe3 Nc6 15. Bxf6 Qxf6 {½-½ (32) Heinemann,T (2484)-Andersen,M (2589) Germany 2017}) 9... Nfd7 10. d3 Bf6 11. Bb2 O-O 12. Qe2 $146 ({Predecessor:} 12. Nxe5 dxe5 13. Re3 Nb8 14. Rh3 g6 15. Qf3 {0-1 (53) Bhend,E-Kuijpers,F Berlin West 1965}) 12... a6 13. Nxe5 Bxe5 14. Nd1 {[%cal Bc3d1,Bd1e3,Be3c2][%mdl 32]} Qf6 15. Bxe5 Nxe5 16. Ne3 a5 17. Rab1 Nc6 18. Nc2 Qc3 19. Rec1 b6 20. a3 Qe5 21. Qd2 f5 22. f4 Qf6 23. exf5 Qxf5 24. Rf1 {The position is equal.} Qf6 25. Qe3 Rae8 26. Qe4 Ne7 27. d4 Qf5 {Accuracy: White = 57%, Black = 57%.} 1/2-1/2